<?xml version="1.0" encoding="UTF-8"?>
<record
    xmlns:xsi="http://www.w3.org/2001/XMLSchema-instance"
    xsi:schemaLocation="http://www.loc.gov/MARC21/slim http://www.loc.gov/standards/marcxml/schema/MARC21slim.xsd"
    xmlns="http://www.loc.gov/MARC21/slim">

  <leader>01166nam a22002537a 4500</leader>
  <controlfield tag="003">NALT</controlfield>
  <controlfield tag="005">20220613161251.0</controlfield>
  <controlfield tag="008">220510b        th ||||| |||| 00| 0 tha d</controlfield>
  <datafield tag="020" ind1=" " ind2=" ">
    <subfield code="a">9786164761902</subfield>
  </datafield>
  <datafield tag="040" ind1=" " ind2=" ">
    <subfield code="a">NALT</subfield>
  </datafield>
  <datafield tag="050" ind1=" " ind2=" ">
    <subfield code="a">JQ 1749.A5</subfield>
    <subfield code="b">&#xE02;256&#xE01; 2564</subfield>
  </datafield>
  <datafield tag="100" ind1="0" ind2=" ">
    <subfield code="9">57985</subfield>
    <subfield code="a">&#xE02;&#xE27;&#xE31;&#xE0D;&#xE02;&#xE49;&#xE32;&#xE27; &#xE04;&#xE07;&#xE40;&#xE14;&#xE0A;&#xE32;</subfield>
  </datafield>
  <datafield tag="245" ind1="1" ind2="0">
    <subfield code="a">&#xE01;&#xE32;&#xE23;&#xE19;&#xE31;&#xE1A;&#xE04;&#xE30;&#xE41;&#xE19;&#xE19;&#xE40;&#xE25;&#xE37;&#xE2D;&#xE01;&#xE15;&#xE31;&#xE49;&#xE07;&#xE41;&#xE1A;&#xE1A;&#xE04;&#xE39;&#xE48;&#xE02;&#xE19;&#xE32;&#xE19; : </subfield>
    <subfield code="b">&#xE04;&#xE39;&#xE48;&#xE21;&#xE37;&#xE2D;&#xE09;&#xE1A;&#xE31;&#xE1A;&#xE1E;&#xE01;&#xE1E;&#xE32; /</subfield>
    <subfield code="c">&#xE02;&#xE27;&#xE31;&#xE0D;&#xE02;&#xE49;&#xE32;&#xE27; &#xE04;&#xE07;&#xE40;&#xE14;&#xE0A;&#xE32;, &#xE28;&#xE34;&#xE1B;&#xE20;&#xE19; &#xE2D;&#xE23;&#xE23;&#xE04;&#xE28;&#xE23;&#xE35;.</subfield>
  </datafield>
  <datafield tag="250" ind1=" " ind2=" ">
    <subfield code="a">&#xE1E;&#xE34;&#xE21;&#xE1E;&#xE4C;&#xE04;&#xE23;&#xE31;&#xE49;&#xE07;&#xE17;&#xE35;&#xE48;&#xE35; 1</subfield>
  </datafield>
  <datafield tag="260" ind1=" " ind2=" ">
    <subfield code="a">&#xE01;&#xE23;&#xE38;&#xE07;&#xE40;&#xE17;&#xE1E;&#xE2F; :</subfield>
    <subfield code="b">&#xE2A;&#xE16;&#xE32;&#xE1A;&#xE31;&#xE19;&#xE1E;&#xE23;&#xE30;&#xE1B;&#xE01;&#xE40;&#xE01;&#xE25;&#xE49;&#xE32;,</subfield>
    <subfield code="c">2564.</subfield>
  </datafield>
  <datafield tag="300" ind1=" " ind2=" ">
    <subfield code="a">49 &#xE2B;&#xE19;&#xE49;&#xE32; :</subfield>
    <subfield code="b">&#xE20;&#xE32;&#xE1E;&#xE1B;&#xE23;&#xE30;&#xE01;&#xE2D;&#xE1A;, &#xE15;&#xE32;&#xE23;&#xE32;&#xE07; ;</subfield>
    <subfield code="c">21 &#xE0B;&#xE21;.</subfield>
  </datafield>
  <datafield tag="650" ind1=" " ind2="4">
    <subfield code="9">2052</subfield>
    <subfield code="a">&#xE01;&#xE32;&#xE23;&#xE40;&#xE25;&#xE37;&#xE2D;&#xE01;&#xE15;&#xE31;&#xE49;&#xE07;</subfield>
    <subfield code="z">&#xE44;&#xE17;&#xE22;</subfield>
  </datafield>
  <datafield tag="650" ind1=" " ind2="4">
    <subfield code="9">55091</subfield>
    <subfield code="a">&#xE01;&#xE32;&#xE23;&#xE25;&#xE07;&#xE04;&#xE30;&#xE41;&#xE19;&#xE19;&#xE40;&#xE2A;&#xE35;&#xE22;&#xE07;</subfield>
  </datafield>
  <datafield tag="700" ind1="0" ind2=" ">
    <subfield code="9">58217</subfield>
    <subfield code="a">&#xE28;&#xE34;&#xE1B;&#xE20;&#xE19; &#xE2D;&#xE23;&#xE23;&#xE04;&#xE28;&#xE23;&#xE35;</subfield>
  </datafield>
  <datafield tag="850" ind1=" " ind2=" ">
    <subfield code="a">NALT</subfield>
  </datafield>
  <datafield tag="942" ind1=" " ind2=" ">
    <subfield code="c">GB</subfield>
    <subfield code="2">lcc</subfield>
  </datafield>
  <datafield tag="998" ind1=" " ind2=" ">
    <subfield code="a">bijaya</subfield>
    <subfield code="c">103</subfield>
    <subfield code="j">104</subfield>
    <subfield code="k"> &#xE19;&#xE32;&#xE07;&#xE2A;&#xE32;&#xE27;&#xE2A;&#xE32;&#xE22;&#xE1D;&#xE19;  &#xE14;&#xE35;&#xE07;&#xE32;&#xE21;</subfield>
  </datafield>
  <datafield tag="999" ind1=" " ind2=" ">
    <subfield code="c">100091</subfield>
    <subfield code="d">100091</subfield>
  </datafield>
  <datafield tag="952" ind1=" " ind2=" ">
    <subfield code="0">0</subfield>
    <subfield code="1">0</subfield>
    <subfield code="2">lcc</subfield>
    <subfield code="4">0</subfield>
    <subfield code="7">0</subfield>
    <subfield code="8">CGBL</subfield>
    <subfield code="a">NALT</subfield>
    <subfield code="b">NALT</subfield>
    <subfield code="c">GEN</subfield>
    <subfield code="d">2022-05-10</subfield>
    <subfield code="o">JQ 1749.A5 &#xE02;256&#xE01; 2564</subfield>
    <subfield code="p">3961212830</subfield>
    <subfield code="r">2022-06-16 00:00:00</subfield>
    <subfield code="t">&#xE09;.1</subfield>
    <subfield code="w">2022-05-10</subfield>
    <subfield code="y">GB</subfield>
  </datafield>
  <datafield tag="952" ind1=" " ind2=" ">
    <subfield code="0">0</subfield>
    <subfield code="1">0</subfield>
    <subfield code="2">lcc</subfield>
    <subfield code="4">0</subfield>
    <subfield code="7">0</subfield>
    <subfield code="8">CGBL</subfield>
    <subfield code="a">NALT</subfield>
    <subfield code="b">NALT</subfield>
    <subfield code="c">GEN</subfield>
    <subfield code="d">2022-05-10</subfield>
    <subfield code="o">JQ 1749.A5 &#xE02;256&#xE01; 2564</subfield>
    <subfield code="p">3961212831</subfield>
    <subfield code="r">2022-06-16 00:00:00</subfield>
    <subfield code="t">&#xE09;.2</subfield>
    <subfield code="w">2022-05-10</subfield>
    <subfield code="y">GB</subfield>
  </datafield>
</record>
